ADARs.

This volume focuses on methods and advancements in the study of Adenosine Deaminases Acting on RNA (ADARs), enzymes critical for RNA editing processes. It provides detailed protocols and methodologies for structural and functional analyses, purification techniques, and RNA editing applications in va...

Full description

Bibliographic Details
Main Author: Beal, Peter
Corporate Author: ScienceDirect (Online service)
Format: eBook
Language:English
Published: Chantilly : Elsevier Science & Technology, 2025.
Edition:1st ed.
Series:Methods in Enzymology Series.
Subjects:
Online Access:Connect to the full text of this electronic book

MARC

Tag First Indicator Second Indicator Subfields
LEADER 00000cam a22000007i 4500
001 in00005774428
005 20260327181129.2
006 m o d
007 cr |||||||||||
008 250204s2025 xx o ||| 0 eng d
040 |a QGK  |b eng  |e rda  |e pn  |c QGK  |d EBLCP  |d OCLCQ  |d SFB  |d OCLCO 
019 |a 1499721850 
020 |a 9780443315848 
020 |a 0443315841 
020 |a 9780443315855 
020 |a 044331585X 
035 |a (OCoLC)1498756808  |z (OCoLC)1499721850 
050 4 |a QH450.A33 
082 0 4 |a 572.88 
049 |a TXAM 
100 1 |a Beal, Peter. 
245 1 0 |a ADARs. 
250 |a 1st ed. 
264 1 |a Chantilly :  |b Elsevier Science & Technology,  |c 2025. 
264 4 |c ©2025. 
300 |a 1 online resource (324 pages). 
336 |a text  |b txt  |2 rdacontent 
337 |a computer  |b c  |2 rdamedia 
338 |a online resource  |b cr  |2 rdacarrier 
490 1 |a Methods in Enzymology Series ;  |v v.Volume 710 
588 |a Description based on publisher supplied metadata and other sources. 
505 8 |a Front Cover -- Series Page -- Methods in Enzymology -- Copyright -- Contents -- Contributors -- Preface -- Chapter One: Leveraging Saccharomyces cerevisiae for ADAR research: From high-yield purification to high-throughput screening and therapeutic applications -- 1 Introduction -- 2 High-yield purification of ADARs from Saccharomyces cerevisiae for advanced structural and functional studies -- 3 High-throughput screening in yeast promotes ADAR structure-function relationships and substrate preferences -- 4 Yeast-based screening system for optimizing guide RNA sequences that promote the RNA editing of disease-causing mutations -- 5 Exogenous expression of heterologous ADARs in yeast -- References -- Chapter Two: Structural analysis of human ADAR2-RNA complexes by X-ray crystallography -- 1 Introduction -- 2 Synthesis and purification of RNAs -- 2.1 Equipment -- 2.2 Materials -- 2.3 Synthesis and purification procedure -- 3 hADAR2 overexpression and purification for crystallization -- 3.1 Equipment -- 3.2 Materials -- 3.3 Large scale growth of BCY123 cells expressing hADAR2 -- 3.4 First Ni-NTA purification of hADAR2 -- 3.5 His-tag cleavage of hADAR2 via Tobacco Etch Virus (TEV) protease -- 4 TEV overexpression, purification, and storage -- 4.1 Equipment -- 4.2 Materials -- 4.3 Expression of TEV protocol 
520 |a This volume focuses on methods and advancements in the study of Adenosine Deaminases Acting on RNA (ADARs), enzymes critical for RNA editing processes. It provides detailed protocols and methodologies for structural and functional analyses, purification techniques, and RNA editing applications in various biological and medical contexts. The book includes insights into ADAR isoforms, their specificity, and their physiological roles through mouse models. It also discusses advanced sequencing technologies, bioinformatics approaches, and tools for detecting and quantifying RNA editing sites. Aimed at researchers and practitioners in molecular biology, chemistry, and related fields, the text serves as a comprehensive resource for understanding and leveraging ADAR mechanisms in therapeutic and experimental settings. 
650 0 |a RNA editing. 
650 0 |a Adenosine deaminase. 
655 7 |a Electronic books.  |2 local 
710 2 |a ScienceDirect (Online service) 
776 0 8 |i Print version:  |a Beal, Peter  |t ADARs  |d Chantilly : Elsevier Science & Technology,c2025  |z 9780443315848 
830 0 |a Methods in Enzymology Series. 
856 4 0 |u http://proxy.library.tamu.edu/login?url=https://www.sciencedirect.com/science/bookseries/00766879/710  |z Connect to the full text of this electronic book  |t 0 
936 |a BATCHLOAD 
955 |a Elsevier ScienceDirect 2026-2027 
994 |a 92  |b TXA 
999 f f |i 770dab3b-05d7-4f71-8fb7-1c4a1dc868f0  |s 86b577ae-7ed1-4a10-b93f-94838d4c2d63  |t 0 
952 f f |a Texas A&M University  |b College Station  |c Electronic Resources  |s www_evans  |d Available Online  |t 0  |e QH450.A33   |h Library of Congress classification 
998 f f |a QH450.A33   |t 0  |l Available Online